ბათუმის შოთა რუსთაველის სახელმწიფო უნივერსიტეტის ბიბლიოთეკა

ქართველურ-შუმერულ-ეგვიპტური ლინგვოკულტუროლოგია წ.1 (ბიბ.ჩანაწერი № 56657)

000 -LEADER
fixed length control field 01178nam a2200265Ia 4500
001 - CONTROL NUMBER
control field 23779
003 - CONTROL NUMBER IDENTIFIER
control field GE_BSU
008 - FIXED-LENGTH DATA ELEMENTS--GENERAL INFORMATION
fixed length control field 181216s||||||||xx |||||||||||||| ||und||
020 ## - INTERNATIONAL STANDARD BOOK NUMBER
International Standard Book Number 9789941035012(სამივე წიგნის) 9789941035029 (პირველი წიგნის)
040 ## - CATALOGING SOURCE
Transcribing agency GE_BSU
080 ## - UNIVERSAL DECIMAL CLASSIFICATION NUMBER
Universal Decimal Classification number 811.353.1+811.341+81
100 ## - MAIN ENTRY--PERSONAL NAME
Personal name მესხი, ანა.
245 ## - TITLE STATEMENT
Title ქართველურ-შუმერულ-ეგვიპტური ლინგვოკულტუროლოგია წ.1
245 ## - TITLE STATEMENT
Statement of responsibility, etc. რედ:გიორგი გრიგოლაშვილი
260 ## - PUBLICATION, DISTRIBUTION, ETC.
Place of publication, distribution, etc. თბილისი
260 ## - PUBLICATION, DISTRIBUTION, ETC.
Name of publisher, distributor, etc. მწიგნობარი
260 ## - PUBLICATION, DISTRIBUTION, ETC.
Date of publication, distribution, etc. 2011
300 ## - PHYSICAL DESCRIPTION
Extent 580გვ; ილ,23სმ.
300 ## - PHYSICAL DESCRIPTION
Other physical details ბიბლიოგრაფ.გვ:534-545
653 ## - INDEX TERM--UNCONTROLLED
Uncontrolled term ლინგვოკულტუროლოგია
653 ## - INDEX TERM--UNCONTROLLED
Uncontrolled term ქართველურ და შუმერული ენა
653 ## - INDEX TERM--UNCONTROLLED
Uncontrolled term ქართველურ-შუმერულ-ეგვიპტური ლინგვოკულტუროლოგია წ.1
942 ## - ADDED ENTRY ELEMENTS (KOHA)
Koha item type წიგნი

არაა ხელმისაწვდომი ეგზემპლარები.